| 000 | 00632ntaaa2200205 4500 | ||
|---|---|---|---|
| 003 | 01 | ||
| 005 | 20251027201721.0 | ||
| 008 | 0714s1973 ag 01 | ||
| 040 |
_aAR-BaBN _bspa _cAR-BaBN _eaacr _dRIC |
||
| 082 | _a234.1610 W24 | ||
| 100 |
_aWarns, Johannes _915749 |
||
| 245 | _aBaptism | ||
| 250 | _a1 ed. | ||
| 260 |
_aLondon : _bPaternoster Press, _c1962 |
||
| 300 | _a352 p | ||
| 500 | _aStudies in the original christian baptism, its history and conflicts, its relation to a state or national church and its significance for the present time. | ||
| 650 |
_abautismo _9285 |
||
| 650 |
_adoctrina cristiana _9648 |
||
| 942 | _cBK | ||
| 999 |
_c11853 _d11853 |
||